000 00665nam a2200253Ia 4500
003 OSt
005 20221007072852.0
006 a|||||r|||| 00| 0
007 ta
008 221006b |||||||| |||| 00| 0 eng d
024 _a15,730
037 _cTextual
040 _aFLL
_cFLL
_beng
041 _2eng
_aeng
082 _aX72:3.N5, M2
100 _aPotter Au.
_9691530
245 0 _aTax planning with precedents
250 _a9th
260 _aLondon
_bSweet and maxwell London
_c1982
300 _a420p
_ccm.
700 _a Monroe Au.
_9691531
942 _hX72:3.N5, M2
_cTEXL
_2CC
999 _c1147141
_d1147141